000 00868nam a2200265 i 4500
003 DO-SdBNP
005 20240313073817.0
007 ta
008 100916s1998 dr 000 0 spa d
040 _aDO-SdBNP
_bspa
_cBNPHU
_erda
082 _a070.4
_bC697c
_222
100 1 _aCollado, Lipe,
_d1947-
_979819
245 1 0 _aCómo redactar :
_bLa crónica noticiosa /
_cLipe Collado.
264 1 _aSanto Domingo :
_bEditora Collado,
_c1998.
300 _a39 páginas
_c21 cm.
336 _2rdacontent
_atexto
_btxt
337 _2rdamedia
_asin mediación
_bn
338 _2rdacarrier
_avolumen
_bnc
504 _aBibliografía : p. 41
505 2 _tCrónica ambiental --
_tCrónica en suspenso --
_t8 Puntos comunes con el cuento clásico. /
590 _aInventariado, 2023/ YL
650 4 _aPeriodismo
_xArte de escribir
_927
910 _aYLockward
942 _2ddc
_cLF2
999 _c55319
_d55319